गर्मी और हमारा जीवन (Record no. 156146)

MARC details
000 -LEADER
fixed length control field 00609nam a2200181Ia 4500
008 - FIXED-LENGTH DATA ELEMENTS--GENERAL INFORMATION
fixed length control field 090124s9999 xx 000 0 und d
082 ## - DEWEY DECIMAL CLASSIFICATION NUMBER
Item number 110055
100 ## - MAIN ENTRY--PERSONAL NAME
Personal name प्रेम रमेशचन्द्र
245 ## - TITLE STATEMENT
Title गर्मी और हमारा जीवन
250 ## - EDITION STATEMENT
Edition statement 1
260 ## - PUBLICATION, DISTRIBUTION, ETC. (IMPRINT)
Date of publication, distribution, etc 1962
300 ## - PHYSICAL DESCRIPTION
Extent 102
600 ## - SUBJECT ADDED ENTRY--PERSONAL NAME
Personal name प्रेम रमेशचन्द्र
630 ## - SUBJECT ADDED ENTRY--UNIFORM TITLE
Uniform title गर्मी और हमारा जीवन
700 ## - ADDED ENTRY--PERSONAL NAME
Personal name प्रेम रमेशचन्द्र
730 ## - ADDED ENTRY--UNIFORM TITLE
Uniform title गर्मी और हमारा जीवन
942 ## - ADDED ENTRY ELEMENTS (KOHA)
Koha item type Book
Holdings
Withdrawn status Lost status Damaged status Not for loan Home library Current library Date acquired Cost, normal purchase price Total Checkouts Full call number Barcode Date last seen Cost, replacement price Price effective from Koha item type
        Marathi Granth Sangrahalaya,Thane Marathi Granth Sangrahalaya,Thane   2.00   110055 THNMGS-110055 01/24/2009 2.00 01/24/2009 Book